000 00666nam a2200193Ia 4500
005 20251020182520.0
008 200515s9999 xx 000 0 und d
082 _a69.057.5/C43
245 0 _aEncofrador
260 _aMontevideo
260 _c1976
300 _aCinterfor
500 _a1 ejemplar
520 _aDestinado a la preparación de material para la parte práctica de los cursos tanto de formación profesional como de educación técnica. El encofrador en madera construye, ensambla, coloca en su lugar y desmonta los encofrados de madera en los cuales se vier
650 _aENCOFRADOS
650 _aLIB
650 _aPUB CINTERFOR
942 _cLIB
999 _c1727
_d1727